Specialkatalog Sveriges frimarken och helsaker 1984-85 (Record no. 1991)

000 -LEADER
fixed length control field 00370nam a22000977a 4500
008 - FIXED-LENGTH DATA ELEMENTS--GENERAL INFORMATION
fixed length control field 160509b xxu||||| |||| 00| 0 eng d
100 ## - MAIN ENTRY--AUTHOR'S NAME
Author's Name Sveriges Filatelist-Forbund
245 ## - TITLE STATEMENT
Title Specialkatalog Sveriges frimarken och helsaker 1984-85
260 ## - PUBLICATION, DISTRIBUTION, ETC. (IMPRINT)
Place of publication, distribution, etc. Stockholm ; Lidingo, Sweden
Name of publisher, distributor, etc. Sveriges Filatelist-Forbund
Date of publication, distribution, etc. 1984
650 ## - TOPICAL TERM (Tag)
Topical term or geographic name Sweden | Catalogs and Price Lists | Postal Stationery
Holdings
Withdrawn status Lost status Source of classification or shelving scheme Damaged status Koha normalized classification for sorting Not for loan Permanent Location Current Location Date acquired Total Checkouts Full call number Barcode Date last seen Price effective from
        G6950 A1 S968   Northern Philatelic Library Northern Philatelic Library 05/09/2016   G6950 A1 S968 1002314 05/09/2016 05/09/2016

Powered by Koha